000 00487nam a2200193 a 4500
001 1761206691512
003 YourLibrary
005 20251023133622.0
008 251023s1973##################000#0#eng##
020 _a9783874290531
082 0 4 _a588.0968
_bSIM
100 1 _aSim, Thomas Robertson,
_eauthor.
245 1 0 _aThe Bryophyta of South Africa :
260 _c1973.
300 _a488 pages
650 0 _aBotany.
942 _cENGLISH
040 _aYourLibrary
_beng
_cYourLibrary
999 _c592907
_d592907